00929nam a22002652a 450000100060000000300080000600500170001400800410003103500190007204000370009104100080012808200200013608200140015610000600017024500450023026000300027530000500030550400200035560000430037565000470041865100360046594200120050199900170051395201330053024423BD-RjUL20211209001041.0140313t1931 enkah 001 0aeng d a(BD-RjUL)24489 aDLCcGUAdGUAdEQOdBD-RjULbeng aeng04a920.5bBLA 1931 a[920.042]1 aBlumenfeld, Ralph D.q(Ralph David),d1864-1948.97518810aAll in a lifetime /cby R. D. Blumenfeld aLondon :bE. Benn,c1931. ax, 276 p. :billus. (incl. facsims.) ;c23 cm aIncludes index.10aBlumenfeld, Ralph David,d1864-975198 0aWorld War, 1914-1918zGreat Britain975190 0aGreat BritainvBiography946028 2ddccBK c24423d24423 00102ddc40728NFICaRUCLbRUCLcReadingd1974-03-21eB. N. B. C.l0o920.5 BLA 1931r2014-03-13 00:00:00tC-1w2014-03-13yBK